Guía de la Facultad de Farmacia / (Registro nro. 61704)

Detalles MARC
000 -LEADER
campo de control de longitud fija 00576nam a2200181 i 4500
001 - NÚMERO DE CONTROL
campo de control 61704
003 - IDENTIFICADOR DE NÚMERO DE CONTROL
campo de control ES-MaACL
005 - FECHA Y HORA DE LA ÚLTIMA TRANSACCIÓN
campo de control 20230906164527.0
007 - CAMPO FIJO DE DESCRIPCIÓN FÍSICA--INFORMACIÓN GENERAL
campo de control de longitud fija t|
008 - DATOS DE LONGITUD FIJA--INFORMACIÓN GENERAL
campo de control de longitud fija 031113s1968 sp ||||1| spa d
110 2# - ENTRADA PRINCIPAL--NOMBRE DE ENTIDAD CORPORATIVA
Nombre de entidad corporativa o nombre de jurisdicción como elemento de entrada Universidad de Madrid.
Unidad subordinada Facultad de Farmacia.
9 (RLIN) 7213
245 10 - MENCIÓN DEL TÍTULO
Título Guía de la Facultad de Farmacia /
Mención de responsabilidad, etc. Facultad de farmacia.
260 ## - PUBLICACIÓN, DISTRIBUCIÓN, ETC.
Lugar de publicación, distribución, etc. [Madrid :
Nombre del editor, distribuidor, etc. Pap. del Valle,
Fecha de publicación, distribución, etc. 1968]
300 ## - DESCRIPCIÓN FÍSICA
Extensión 110 p., 4 lám. ;
Dimensiones 17 cm.
500 ## - NOTA GENERAL
Nota general Precede al tít.: Universidad de Madrid.
710 2# - ENTRADA AGREGADA--NOMBRE DE ENTIDAD CORPORATIVA
Nombre de entidad corporativa o nombre de jurisdicción como elemento de entrada Universidad de Madrid.
9 (RLIN) 7205
852 ## - LOCALIZACIÓN
Ubicación ES-MaACL
Número de control de estantería C-34290
Sublocalización o colección R.65118
Existencias
Estatus retirado Estado de pérdida Estado de daño No para préstamo Biblioteca de origen Biblioteca actual Ubicación en estantería Fecha de adquisición Fuente de adquisición Total de préstamos Signatura topográfica completa Código de barras Visto por última vez Precio de reemplazo Tipo de ítem Koha
        Biblioteca del Ateneo de Madrid Biblioteca del Ateneo de Madrid Depósito 2 17/01/2008     C-34290 1064701 23/02/2023 23/02/2023 Libro impreso